|
|
|
|
| LEADER |
00794nab a2200205 i 4500 |
| 001 |
publ19736 |
| 005 |
20201015102828.0 |
| 008 |
201015s2017 hu o 0|| zxx d |
| 022 |
|
|
|a 1219-5391
|
| 024 |
7 |
|
|a 10.34102/italdeb/2017/4642
|2 doi
|
| 024 |
7 |
|
|a 3349506
|2 mtmt
|
| 040 |
|
|
|a SZTE Publicatio Repozitórium
|b hun
|
| 041 |
|
|
|a zxx
|
| 100 |
1 |
|
|a Ótott Noémi
|
| 245 |
1 |
0 |
|a «Siete voi qui, ser Brunetto?» – I volti di Brunetto Latini
|h [elektronikus dokumentum] :
|b rappresentazione e autorappresentazione /
|c Ótott Noémi
|
| 260 |
|
|
|c 2017
|
| 300 |
|
|
|a 96-107
|
| 490 |
0 |
|
|a ITALIANISTICA DEBRECENIENSIS
|v 23
|
| 856 |
4 |
0 |
|u http://publicatio.bibl.u-szeged.hu/19736/13/3349506.pdf
|z Dokumentum-elérés
|
| 856 |
4 |
0 |
|u http://publicatio.bibl.u-szeged.hu/19736/2/ID_XXIII_copertina.pdf
|z Dokumentum-elérés
|